Architecture: design, engineering, drawing (Record no. 17576)

000 -LEADER
fixed length control field 00778cam a2200241 4500
001 - CONTROL NUMBER
control field 4601050
005 - DATE AND TIME OF LATEST TRANSACTION
control field 20161128095636.0
008 - FIXED-LENGTH DATA ELEMENTS--GENERAL INFORMATION
fixed length control field 720315s1972 ilua b 001 0 eng
010 ## - LIBRARY OF CONGRESS CONTROL NUMBER
LC control number 76182042
020 ## - INTERNATIONAL STANDARD BOOK NUMBER
International Standard Book Number 087345068X
040 ## - CATALOGING SOURCE
Original cataloging agency DLC
Transcribing agency DLC
Modifying agency DLC
050 00 - LIBRARY OF CONGRESS CALL NUMBER
Classification number NA2540.S6 1972
Item number .S6 1972
100 1# - MAIN ENTRY--PERSONAL NAME
Personal name Spence, William Perkins,
Dates associated with a name 1925-
245 00 - TITLE STATEMENT
Title Architecture: design, engineering, drawing
Statement of responsibility, etc. [by] William P. Spence.
250 ## - EDITION STATEMENT
Edition statement [2d ed.]
260 ## - PUBLICATION, DISTRIBUTION, ETC. (IMPRINT)
Place of publication, distribution, etc. Bloomington, Ill.,
Name of publisher, distributor, etc. McKnight & McKnight
Date of publication, distribution, etc. [1972]
300 ## - PHYSICAL DESCRIPTION
Extent xvi, 636 p.
Other physical details illus.
Dimensions 27 cm.
504 ## - BIBLIOGRAPHY, ETC. NOTE
Bibliography, etc Bibliography: p. 618-622.
650 #0 - SUBJECT ADDED ENTRY--TOPICAL TERM
Topical term or geographic name as entry element Architecture
General subdivision Handbooks, manuals, etc.
906 ## - LOCAL DATA ELEMENT F, LDF (RLIN)
a 7
b cbc
c orignew
d 2
e ncip
f 19
g y-gencatlg
942 ## - ADDED ENTRY ELEMENTS (KOHA)
Source of classification or shelving scheme
Koha item type Hard Covered Materials
Classification part NA2540.S6 1972
Holdings
Withdrawn status Lost status Source of classification or shelving scheme Damaged status Not for loan Home library Current library Shelving location Date acquired Source of acquisition Total Checkouts Full call number Barcode Date last seen Price effective from Koha item type
          MACHAKOS UNIVERSITY LIBRARY MACHAKOS UNIVERSITY LIBRARY Open shelf 28/11/2016 Donation(B.F.A)   NA2540.S6 1972 28843 28/11/2016 28/11/2016 Hard Covered Materials
© Machakos University Library, Along The Highway, Machakos Wote Rd, Machakos, Kenya P.O. Box 136 - 90100 Machakos - Kenya

Tel: ( +254 ) 723 805829 OR Fax : 044-20353 OR Email: library@mksu.ac.ke